[Event "AUS-ch U18"]
[Site "Sandy Bay"]
[Date "2010.01.24"]
[Round "10"]
[White "Bretag, Marcus"]
[Black "Jule, Sebastian"]
[Result "0-1"]
[WhiteElo "1575"]
[BlackElo "1701"]
[PlyCount "44"]
[EventDate "2010.01.14"]
[EventType "swiss"]
[EventRounds "11"]
[EventCountry "AUS"]
[SourceTitle "EXT 2011"]
[Source "ChessBase"]
[SourceDate "2010.11.26"]
[SourceVersion "1"]
[SourceVersionDate "2010.11.26"]
[SourceQuality "1"]

1. e4 d5 2. exd5 Qxd5 3. Nc3 Qd6 4. d4 Nf6 5. Nf3 c6 6. Be2 Bg4 7. 0-0 Bxf3 8. Bxf3 e6 9. Re1 Be7 10. Ne4 Qc7 11. Qd3 Nbd7 12. c4 Nxe4 13. Qxe4 Nf6 14. Qc2 0-0-0 15. Be3 h5 16. a3 Ng4 17. h3 Qh2+ 18. Kf1 Nxe3+ 19. fxe3 g5 20. d5 g4 21. hxg4 hxg4 22. Bxg4 Qh1+ 0-1

[Event "AUS-ch U18"]
[Site "Sandy Bay"]
[Date "2010.01.16"]
[Round "3"]
[White "Morris, James"]
[Black "Bretag, Marcus"]
[Result "1-0"]
[WhiteElo "2196"]
[BlackElo "1575"]
[PlyCount "83"]
[EventDate "2010.01.14"]
[EventType "swiss"]
[EventRounds "11"]
[EventCountry "AUS"]
[SourceTitle "EXT 2011"]
[Source "ChessBase"]
[SourceDate "2010.11.26"]
[SourceVersion "1"]
[SourceVersionDate "2010.11.26"]
[SourceQuality "1"]

1. e4 e5 2. Nc3 Nc6 3. f4 d6 4. Nf3 Bg4 5. Bb5 Qd7 6. 0-0 a6 7. Bxc6 Qxc6 8. d3 0-0-0 9. h3 Bxf3 10. Qxf3 f6 11. Be3 Ne7 12. Nd5 Nxd5 13. exd5 Qd7 14. f5 Be7 15. c4 g6 16. Qe4 gxf5 17. Rxf5 Rhg8 18. g4 Qe8 19. Kh2 Qg6 20. b4 Rh8 21. Raf1 Qe8 22. Rh5 Qg6 23. Rff5 Qe8 24. Qg2 Qa4 25. Qd2 b5 26. Rf1 bxc4 27. dxc4 Rdf8 28. Rb1 Qd7 29. b5 axb5 30. Qa5 Kd8 31. Rxb5 Ke8 32. Rb7 Bd8 33. c5 Rf7 34. Rb8 dxc5 35. Qxc5 Qd6 36. Qb5+ Qd7 37. Qc4 Rg8 38. a4 c6 39. dxc6 Qd6 40. Rxh7 e4+ 41. Kg2 Rgf8 42. Qxe4+ 1-0

[Event "AUS-ch U18"]
[Site "Sandy Bay"]
[Date "2010.01.15"]
[Round "2"]
[White "Bretag, Marcus"]
[Black "O'Rourke, Ryan"]
[Result "1-0"]
[WhiteElo "1575"]
[BlackElo "1115"]
[PlyCount "49"]
[EventDate "2010.01.14"]
[EventType "swiss"]
[EventRounds "11"]
[EventCountry "AUS"]
[SourceTitle "EXT 2011"]
[Source "ChessBase"]
[SourceDate "2010.11.26"]
[SourceVersion "1"]
[SourceVersionDate "2010.11.26"]
[SourceQuality "1"]

1. e4 c6 2. d4 d5 3. e5 Bf5 4. Nf3 e6 5. Be2 c5 6. c3 Qb6 7. 0-0 Nc6 8. a4 cxd4 9. Nxd4 Nxd4 10. cxd4 Ne7 11. a5 Qc7 12. Nc3 a6 13. Bd2 Nc6 14. Qa4 Bb4 15. Nxd5 exd5 16. Bxb4 Bd7 17. Bd6 Qd8 18. Qd1 Nxa5 19. b4 Nc6 20. b5 axb5 21. Rxa8 Qxa8 22. Bxb5 Qa7 23. Bxc6 Bxc6 24. Qg4 Kd8 25. Qxg7 1-0